Quizzes
Events
Quiz Creation
Community
Videos
Private Events
Remove Ads
Sign In
Join for FREE
Feedback
Dark Mode
Quiz Categories
Sports
Geography
Music
Movies
Television
Just For Fun
Miscellaneous
History
Literature
Language
Science
Gaming
Entertainment
Religion
Holiday
For Kids
Quiz Lab
Recent
Popular Today
Quiz Kudos Today
Editor Picks
Curator Picks
Quizzes by...
Day
Popularity
Type
Ratings
Length
Year
Community
Subscriptions
Recent Discussions
Orange Saloon
Badges
Playlists
Quests
Create
Leaderboards
Showdown
Live 5
Trivia Bingo
Activity
Puzzle Library
Sporcle Events
Private Events
Virtual Trivia
Globe League
Become a Host
Pub Owners
SporcleCon
Opinionation
Our Games
Videos
Blog
Mobile Apps
Partnerships
Remove Ads and Go Orange
Feedback
Gaming
Video Games
Board Games
Card Games
Pokémon
Mario
Nintendo
Minecraft
Console
Toys
Legend of Zelda
Gaming
Video Games
Board Games
Card Games
Pokémon
Mario
Nintendo
Minecraft
Console
Toys
Legend of Zelda
Random Quiz
Search Sporcle
×
Quiz Lab
Quiz Lab
Gaming
champion
Type in answers that appear in a list
Type in answers that appear in a list
Classic
Best Score? Go Orange.
League of Legends Champions - Season 7 Stats
Can you name the League of Legends Champions from Season 7?
By
Mikeyd25887
20m
136 Questions
28 Plays
28 Plays
28 Plays
Comments
Comments
Give Quiz Kudos
Give Quiz Kudos
-
- Ratings
hide this ad
Replay
Link that replays current quiz
Next Quiz
Link to next quiz in quiz playlist
You Got
0%
They Got
Avg Score
70%
Avg Friend Score
Upgrade to see
Score Distribution
Jump to the score distribution portion of the page
Score
0/136
Timer
20:00
0
Plays Today
Hint
Answer
% Correct
A
Akali
92.9%
A
Ashe
92.9%
T
Teemo
92.9%
Y
Yasuo
92.9%
A
Aatrox
89.3%
A
Ahri
89.3%
A
Annie
89.3%
J
Jax
89.3%
J
Jinx
89.3%
Z
Zed
89.3%
Z
Zyra
89.3%
A
Anivia
85.7%
B
Braum
85.7%
D
Darius
85.7%
K
Katarina
85.7%
K
Kled
85.7%
S
Syndra
85.7%
V
Vi
85.7%
B
Brand
82.1%
D
Draven
82.1%
G
Garen
82.1%
M
Master Yi
82.1%
O
Orianna
82.1%
A
Alistar
78.6%
A
Azir
78.6%
C
Caitlyn
78.6%
E
Ekko
78.6%
E
Ezreal
78.6%
F
Fizz
78.6%
J
Janna
78.6%
J
Jayce
78.6%
L
Lucian
78.6%
M
Maokai
78.6%
Q
Quinn
78.6%
S
Soraka
78.6%
T
Taliyah
78.6%
T
Thresh
78.6%
X
Xin Zhao
78.6%
Z
Ziggs
78.6%
X
Xayah
78.6%
R
Rakan
78.6%
A
Aurelion Sol
75%
B
Bard
75%
C
Camille
75%
I
Illaoi
75%
I
Irelia
75%
Hint
Answer
% Correct
I
Ivern
75%
J
Jarvan IV
75%
J
Jhin
75%
K
Kalista
75%
L
Lulu
75%
L
Lux
75%
M
Malphite
75%
M
Miss Fortune
75%
N
Nunu
75%
T
Taric
75%
T
Tristana
75%
T
Twisted Fate
75%
Z
Zac
75%
A
Amumu
71.4%
C
Cassiopeia
71.4%
C
Cho'Gath
71.4%
G
Gangplank
71.4%
G
Gragas
71.4%
K
Karthus
71.4%
K
Kassadin
71.4%
L
LeBlanc
71.4%
M
Malzahar
71.4%
P
Poppy
71.4%
R
Renekton
71.4%
W
Warwick
71.4%
W
Wukong
71.4%
X
Xerath
71.4%
Z
Zilean
71.4%
B
Blitzcrank
67.9%
D
Diana
67.9%
F
Fiora
67.9%
G
Gnar
67.9%
K
Kayle
67.9%
K
Kog'Maw
67.9%
L
Lee Sin
67.9%
M
Morgana
67.9%
N
Nasus
67.9%
N
Nautilus
67.9%
R
Rammus
67.9%
R
Rek'Sai
67.9%
S
Shen
67.9%
S
Singed
67.9%
S
Sona
67.9%
T
Talon
67.9%
T
Tryndamere
67.9%
U
Urgot
67.9%
Hint
Answer
% Correct
V
Varus
67.9%
V
Veigar
67.9%
V
Vel'Koz
67.9%
V
Volibear
67.9%
C
Corki
64.3%
E
Elise
64.3%
G
Graves
64.3%
H
Hecarim
64.3%
K
Karma
64.3%
K
Kha'Zix
64.3%
K
Kindred
64.3%
N
Nidalee
64.3%
S
Sion
64.3%
S
Sivir
64.3%
S
Swain
64.3%
U
Udyr
64.3%
Y
Yorick
64.3%
F
Fiddlesticks
60.7%
G
Galio
60.7%
H
Heimerdinger
60.7%
N
Nami
60.7%
N
Nocturne
60.7%
O
Olaf
60.7%
R
Rumble
60.7%
S
Sejuani
60.7%
T
Tahm Kench
60.7%
T
Trundle
60.7%
V
Vladimir
60.7%
L
Lissandra
57.1%
M
Mordekaiser
57.1%
P
Pantheon
57.1%
R
Rengar
57.1%
R
Riven
57.1%
R
Ryze
57.1%
S
Skarner
57.1%
T
Twitch
57.1%
V
Vayne
57.1%
V
Viktor
57.1%
E
Evelynn
53.6%
K
Kennen
53.6%
D
Dr. Mundo
50%
L
Leona
50%
S
Shaco
50%
S
Shyvana
50%
Quiz Playlist
Details
Report
Send in Message
Add To Playlist
Classic:
Type in answers that appear in a list
Last Updated: Apr 24, 2017
Quiz Scoreboard
CHALLENGE
Sign Up to Join the Scoreboard
Show All
Scores
Hide
Comments
May contain spoilers
Recently Published
Movies - When Are They Set?
by FPL_Elf
Movies
5m
Popular People in 1961
by mucciniale
History
6m
1-10 Letter E Words III
by El_Dandy
Language
2m
More to Explore
Quiz From the Vault
Featured Blog Post
Where Did the Easter Bunny Come From?
hide this ad
You Might Also Like...
Tags
champion
League
legend
Legends Champions
season
Today's Top Quizzes in Gaming
Browse Gaming
hide this ad
Today's Top Quizzes in champion
Browse champion
Top Contributed Quizzes in Gaming
1
Destiny 2 exotic weapons by perk icons
2
Who's on the WWE 2K24 Cover?
3
Windmill: Pokémon
4
Overwatch 2 Heroes by Selection Quote
5
Genshin murder mystery
6
Overwatch 2: Ultimate Ability Icons
7
Franchise by Action Figure
8
Legendary or Exotic?
9
Genshin Impact Logic Puzzle
10
Genshin Impact Logic Puzzle Quiz
Explore More
Trending Topics
Disney
NBA
Harry Potter
Crossword
Anime
Kpop
Marvel
The Office
Country
Soccer
Song
Puzzle
NFL
WWE
Pokémon
hide this ad
More By:
Mikeyd25887
Quiz
Plays
Rating
Category
Featured
Created
Chance the Rapper: 'Juice' Lyrics
958
2.67
Music
Dec 8, 2016
Chance the Rapper: 'Smoke Again' Lyrics
218
3.00
Music
Dec 8, 2016
League of Legends Champions - Season 7
28
Gaming
Jan 30, 2017
Go to Creator's Profile
Score Distribution
Quiz Creator Spotlight
Mikeyd25887
Follow
Send a Message
Quizzes Created
-
Created Quiz Play Count
-
More By This Creator
Popular Quizzes Today
1
Find the US States - No Outlines Minefield
2
Find the Countries of Europe - No Outlines Minefield
3
The Countries of the World
4
Popular People in 1961
5
1-10 Letter E Words III
6
US States
7
Find the US States
8
One Thing in Common: World Cities II
More Gaming Quizzes
Legend of Zelda Word Ladder
Editor's Pick
Trending Quizzes
Risky Map Clicking: Least Populous States A-Z
1-10 Letter F Words
Humor Books: The Subtitles
1-10 Letter G Words
One Thing in Common: United Kingdom
Recently Updated
Leaping Animals
pecheneg
Reality TV Shows (A-Z)
bhenderson79
Rickey Henderson's Hall of Fame Teammates
pecheneg
Champions League XIs: Arsenal
pecheneg
Quick Pick: Celebrities in WWE's Hall of Fame
aduchscher
A-Z Keypad Blitz II
pecheneg
Multiple Oscar Actors
pecheneg
Mystery Phrase Blitz: Oscar 'Best Actors'
pecheneg
F. Scott Fitzgerald Novels
LTH
Pick 3 Villains
ddd62291
Trending Topics
Anime
NBA
Harry Potter
Crossword
Kpop
Disney
Marvel
Soccer
Puzzle
Song
Country
WWE
NFL
Pokémon
The Office
Your Account Isn't Verified!
In order to create a playlist on Sporcle, you need to verify the email address you used during registration. Go to your
Sporcle Settings
to finish the process.
Report this User
Report this user for behavior that violates our
Community Guidelines
.
Details:
Send Report
Go to the Sporcle.com Mobile Site →
Comments